| 000 | 00727nam a22002417a 4500 | ||
|---|---|---|---|
| 001 | sjds | ||
| 003 | sjds | ||
| 005 | 20240304203202.0 | ||
| 008 | 220614b mx ||||| |||| 00| 0 spa d | ||
| 020 | _a9706077456 | ||
| 020 | _a9789706077455 | ||
| 020 | _a9789686347555 (series) | ||
| 040 | _csjds | ||
| 041 | _aspa | ||
| 100 | 1 | 0 | _aMathiaud, Evelyne |
| 245 | 1 | 0 |
_aYo cuento con los animales / _c textos de Evelyne Mathiaud ; ilustraciones de Jean-Marc Pariselle ; traduccion de Remedios Martinez G. |
| 260 |
_aMexico : _bMega, _cc1990. |
||
| 300 |
_a1 volume : _b illustrations ; _c21 cm. |
||
| 440 | _aBiblioteca los conejitos. | ||
| 700 | 1 | 0 | _aPariselle , Jean-Marc |
| 700 | 1 | 0 | _aMartÃnez G., Remedios |
| 942 | _cBK | ||
| 999 |
_c27072 _d27072 |
||